Southville International School and Colleges
Your cart is empty.
  • Cart
  • Lists
    Public lists Eva Luna New books Lux_list list_1
    Your lists Log in to create your own lists
  • Log in to your account
  • Your cookies
  • Search history
Southville International School and Colleges
  • Advanced search
  • Recent comments
  • Most popular
  • Libraries

Log in to your account

Log in with GOOGLE


If you do not have an external account, but do have a local account, you can still log in:

  1. Home
  2. MARC view: E-marketing /
Normal view MARC view ISBD view

E-marketing / (Record no. 276719)

[ view plain ]
MARC details
000 -LEADER
fixed length control field 00580nam a22001817a 4500
005 - DATE AND TIME OF LATEST TRANSACTION
control field 20141106143830.0
008 - FIXED-LENGTH DATA ELEMENTS--GENERAL INFORMATION
fixed length control field 141106b xxu||||| |||| 00| 0 eng d
020 ## - INTERNATIONAL STANDARD BOOK NUMBER
International Standard Book Number 9781292000411
050 ## - LIBRARY OF CONGRESS CALL NUMBER
Classification number HF 5415.1265
Item number .St69 2014
100 ## - MAIN ENTRY--PERSONAL NAME
Personal name Strauss, Judy.
245 ## - TITLE STATEMENT
Title E-marketing /
Statement of responsibility, etc Judy Strauss, Raymond Frost.
250 ## - EDITION STATEMENT
Edition statement 6th ed.,
Remainder of edition statement International ed.
260 ## - PUBLICATION, DISTRIBUTION, ETC. (IMPRINT)
Place of publication, distribution, etc Upper Saddle River, N.J. :
Name of publisher, distributor, etc Pearson Education, Inc.,
Date of publication, distribution, etc c2014.
300 ## - PHYSICAL DESCRIPTION
Extent 496 pages :
Other physical details illustrations ;
Dimensions 24 cm.
521 ## - TARGET AUDIENCE NOTE
Target audience note Business Administration
650 ## - SUBJECT ADDED ENTRY--TOPICAL TERM
Topical term or geographic name as entry element Internet marketing.
942 ## - ADDED ENTRY ELEMENTS (KOHA)
Source of classification or shelving scheme Library of Congress Classification
Koha item type Books
Call number prefix Foreign
Holdings
Withdrawn status Lost status Source of classification or shelving scheme Damaged status Home library Current library Shelving location Date acquired Source of acquisition Total Checkouts Full call number Barcode Date last seen Date checked out Price effective from Koha item type
    Library of Congress Classification   College Library College Library Graduate Section 11/06/2014 Library Fund 3 HF 5415.1265 .St69 2014 C18839 10/12/2018 10/06/2018 11/06/2014 Books

E-marketing /

APA

Strauss J., . (2014). E-marketing. Upper Saddle River, N.J: Pearson Education, Inc.

Chicago

Strauss Judy, . 2014. E-marketing. Upper Saddle River, N.J: Pearson Education, Inc.

Harvard

Strauss J., . (2014). E-marketing. Upper Saddle River, N.J: Pearson Education, Inc.

MLA

Strauss Judy, . E-marketing. Upper Saddle River, N.J: Pearson Education, Inc. 2014.

  • Place hold
  • Print
  • Cite
  • Add to your cart (remove)
  • Save record
    BIBTEX Dublin Core MARCXML MARC (non-Unicode/MARC-8) MARC (Unicode/UTF-8) MARC (Unicode/UTF-8, Standard) MODS (XML) RIS
  • More searches
    Search for this title in:
    Other Libraries (WorldCat) Other Databases (Google Scholar) Online Stores (Bookfinder.com) Open Library (openlibrary.org)

Exporting to Dublin Core...

SOUTHVILLE LIBRARY

Southville International School and Colleges Library

1281 Tropical Ave. Cor. Luxembourg St., BF Homes International, Las Pinas City

Tel. No. 8256374 / 252358 Loc. 117/146

Powered by Koha